Model tržieb podniku diplomová práca

Gespeichert in:
Bibliographische Detailangaben
1. Verfasser: Vahaľová, Stanislava
Körperschaft: Fakulta podnikového manažmentu EU. Katedra manažmentu
Weitere Verfasser: Remeňová, Katarína, 1982-
Format: Buch
Sprache:Slowakisch
Veröffentlicht: Bratislava 2018
Tags: Tag hinzufügen
Keine Tags, Fügen Sie das erste Tag hinzu!

MARC

LEADER 00000nbm a2200000 4500
001 0244688
005 20180920131935.5
041 0 |a slo 
044 |a SK 
245 1 0 |a Model tržieb podniku  |b diplomová práca  |c Stanislava Vahaľová ; školiteľ: Katarína Remeňová 
264 1 |a Bratislava  |c 2018 
300 |a 69 s. 
100 1 |a Vahaľová, Stanislava 
700 1 |a Remeňová, Katarína, 1982- 
710 2 |a Fakulta podnikového manažmentu EU. Katedra manažmentu